000 00250pab a2200109 454500
008 180718b xxu||||| |||| 00| 0 eng d
100 _aSubrahmanyam, K
245 _aUncivil conduct
650 _aCivil Service
773 _aEconomic Times
909 _a24038
999 _c24038
_d24038